000 00514 a2200145 4500
040 _a0
082 _aPGDIT-3
100 _aSyed Nauman Tariq.
_998320
245 _aPIRS-Desktop backup interface agent (PIRS-DBIA)
_cSyed Nauman Tariq.
260 _aIslamabad :
_bNUST School of Electrical Engineering & Computer Science,
_c2004.
300 _avii, 63 p. :
_bill. ;
_c27 cm.
500 _aSupervisor : Mr. Nadeem Ahmad.
856 _uhttp://10.250.8.41:8080/xmlui/handle/123456789/10477
942 _cPR
_kPGDIT-3 NAU
_2ddc
999 _c9195
_d9195